000 00281nam a22001337a 4500
008 170714b xxu||||| |||| 00| 0 eng d
020 _a0801494869
041 _aeng
080 _a101
100 _a24
101 _aFJA
245 _aPRIMAL SCENES
_cLUKACHER,N
942 _2udc
_cBK
999 _c20730
_d20730